000 00631nam a2200217Ia 4500
008 131103s9999 xx 000 0 und d
020 _a8170290775
_cRs 60
040 _aLoreto College
041 _aEnglish
082 _a001.6425/GIL
_bLCLIB/36206,36207
100 _aGilbert, Chris
245 4 _aThe ABC's of 1-2-3 Release 2.2
_cChris Gilbert and Laurie Williams
260 _aNew Delhi
_bBPB Publications
_c1990
300 _axxi,341p
_c 23 cm
504 _aIncludes index
650 _a1-2-3 Release 2.2
651 _aComputer Programming
700 _aWilliams, Laurie
850 _aLCLIB/001.6425/GIL
942 _cBK
999 _c19638
_d70117